| 000 | 01008cam a22002655a 4500 | ||
|---|---|---|---|
| 001 | 16169393 | ||
| 005 | 20160131121405.0 | ||
| 008 | 100402t2011 ilu frbf i001 0 eng d | ||
| 020 | _a9780838910689 (alk. paper) | ||
| 040 |
_aDLC _beng _cDLC _dYDX _dYDXCP _dMEA _dCDX _dNTE _dFZU _dIXA _dBWX _dDLC _dEG-ScBUE _dEG-ScBUE |
||
| 082 | 0 | 4 |
_a023.9 _bHAK _222 |
| 100 | 1 |
_aHakala-Ausperk, Catherine. _939186 |
|
| 245 | 1 | 0 |
_aBe a great boss : _bone year to success / _cCatherine Hakala-Ausperk. |
| 260 |
_aChicago : _bAmerican Library Association, _cc.2011. |
||
| 300 |
_axii, 215 p. ; _c28 cm. |
||
| 490 | 0 | _aALA guides for the busy librarian | |
| 500 | _aIndex : p. 213-215. | ||
| 504 | _aBibliography : p. 203-211. | ||
| 650 | 0 |
_aLibrary personnel management _vHandbooks, manuals, etc. _2BUEsh |
|
| 650 | 0 |
_aSupervision of employees _vHandbooks, manuals, etc. _2BUEsh |
|
| 650 | 0 |
_aLibrary administration _vHandbooks, manuals, etc. _2BUEsh |
|
| 651 | _2BUEsh | ||
| 653 |
_bGGEN _cJuly2015 _cJanuary2016 |
||
| 942 | _2ddc | ||
| 999 |
_c20166 _d20138 |
||